Foundations of intercultural communication
Đã lưu trong:
| Tác giả chính: | |
|---|---|
| Định dạng: | Sách |
| Ngôn ngữ: | Undetermined |
| Được phát hành: |
Columbus
Charles E. Merrill Publishing Company
1976
|
| Những chủ đề: | |
| Các nhãn: |
Thêm thẻ
Không có thẻ, Là người đầu tiên thẻ bản ghi này!
|
| Thư viện lưu trữ: | Trung tâm Học liệu Trường Đại học Cần Thơ |
|---|
| LEADER | 00504nam a2200169Ia 4500 | ||
|---|---|---|---|
| 001 | CTU_78782 | ||
| 008 | 210402s9999 xx 000 0 und d | ||
| 082 | |a 301.14 | ||
| 082 | |b S622 | ||
| 100 | |a Sitaram, K. S. | ||
| 245 | 0 | |a Foundations of intercultural communication | |
| 245 | 0 | |c K. S. Sitaram, Roy T. Cogdell | |
| 260 | |a Columbus | ||
| 260 | |b Charles E. Merrill Publishing Company | ||
| 260 | |c 1976 | ||
| 650 | |a Multicultural education | ||
| 980 | |a Trung tâm Học liệu Trường Đại học Cần Thơ | ||